Berne & Levy Physiology/ (Record no. 35115)

MARC details
000 -LEADER
fixed length control field 00631nam a22002177a 4500
005 - DATE AND TIME OF LATEST TRANSACTION
control field 20240216110554.0
008 - FIXED-LENGTH DATA ELEMENTS--GENERAL INFORMATION
fixed length control field 240124b |||||||| |||| 00| 0 eng d
020 ## - INTERNATIONAL STANDARD BOOK NUMBER
ISBN 9788131217634
082 ## - DEWEY DECIMAL CLASSIFICATION NUMBER
Classification number 612
Item number BER-B
100 ## - MAIN ENTRY--AUTHOR
Author Name Berne, Robert M
245 ## - TITLE STATEMENT
Title Berne & Levy Physiology/
Statement of responsibility, etc. [editors] Matthew N. Levy, Bruce A. Stanton, Bruce M. Koeppen.
250 ## - EDITION STATEMENT
Edition statement 6th ed.
260 ## - PUBLICATION, DISTRIBUTION, ETC.
Place of Publication India :
Name of publisher, distributor, etc. Elsevier ;
Date of publication, distribution, etc. 2010.
300 ## - PHYSICAL DESCRIPTION
Pages xii, 834 p. :
500 ## - GENERAL NOTE
General note Include Index.
650 ## - SUBJECT ADDED ENTRY--TOPICAL TERM
Subject / Department Physiology/Medical
700 ## - ADDED ENTRY--PERSONAL NAME
Personal name Levy, Matthew N.
700 ## - ADDED ENTRY--PERSONAL NAME
Personal name Koeppen, Bruce M.
700 ## - ADDED ENTRY--PERSONAL NAME
Personal name Stanton, Bruce A.
300 ## - PHYSICAL DESCRIPTION
-- ill ;
-- 28 cm.
952 ## - LOCATION AND ITEM INFORMATION (KOHA)
-- 0
-- 0
952 ## - LOCATION AND ITEM INFORMATION (KOHA)
-- 0
-- 0
952 ## - LOCATION AND ITEM INFORMATION (KOHA)
-- 0
-- 0
952 ## - LOCATION AND ITEM INFORMATION (KOHA)
-- 0
-- 0
Holdings
Lost status Damaged status Collection code Permanent Location Current Location Shelving Location Date acquired Full Call Number Accession No./Barcode Date last seen Copy number item type Koha item type
    Medical Superior Information Resource Center (SIRC) Superior University- Main Campus Superior Information Resource Center (SIRC) Superior University- Main Campus Physiology 01/25/2024 612 BER-P 2010 5107 01/25/2024 1 BOOK BOOK
    Medical Superior Information Resource Center (SIRC) Superior University- Main Campus Superior Information Resource Center (SIRC) Superior University- Main Campus Physiology 01/25/2024 612 BER-P 2010 5108 01/25/2024 2 BOOK BOOK
    Medical Superior Information Resource Center (SIRC) Superior University- Main Campus Superior Information Resource Center (SIRC) Superior University- Main Campus Physiology 01/25/2024 612 BER-P 2010 5110 01/25/2024 3 BOOK BOOK
    Medical Superior Information Resource Center (SIRC) Superior University- Main Campus Superior Information Resource Center (SIRC) Superior University- Main Campus Physiology 01/25/2024 612 BER-P 2010 7165 11/28/2025 4 BOOK BOOK

Powered by Koha